000 00435nam a2200133Ia 4500
008 220217s9999 xx 000 0 und d
245 0 _aVulcanized rubbers- Determination of compression set under constant deflection at low tempeatures
260 _aSwitzerland
260 _c1975
_bInternational Organization for Standards
490 _aRubber
500 _aStandard number: ISO 1653
650 _aRubebr vulcanization
942 _cST
999 _c74032
_d74032